000 00713nam a2200253Ia 4500
003 OSt
005 20220912151736.0
006 a|||||r|||| 00| 0
007 ta
008 220909b |||||||| |||| 00| 0 eng d
024 _a28522
037 _cTextual
040 _aCSL
_beng
_cCSL
041 _aeng
082 _aB6:2.42, M3
100 _aNagata Masyoshi Ed.
245 0 _aRecent prrogress of algerbraic geometry in japan
260 _aAmsterdam
_bNorth-Holland Publishing Co.
_c1983
300 _a215p.
_ccm.
490 _aNorth-Holland mathematics studies; 73
650 _aAlgebraic geometry
942 _hB6:2.42, M3
_cTEXL
_2CC
999 _c74350
_d74350